00643cam a2200193z 45000010008000000030005000080050017000130080041000300200028000710200032000990200015001310400012001460500024001580820023001821000022002052450076002272600048003033000098003512183054PILC20150112093444.0981911 1998 0 eng  a0521476909 (student bk) a0521476917 (teacher's book) a0521476887 dUtOrBLW aPE 1128b.0999 1997 aP 428.24b0d2 19981 aO'Dell, Felicity.10aEnglish Panorama 1 :ba course for advanced learners /cFelicity O'Dell aCambridge :bCambridge Univ. Press,dc1998. a144 pages :eteacher's book (TGuide), 175p. Student's book (SBook). 2 audiocassettes (Cass)